000 00304nam a2200133 i 4500
001 bg
245 0 _aElektronisches Jahrbuch für den Funkamateur 1986.
260 _aBerlin,
_c1986.
040 _cBPK
041 _apol
080 _a621.396
942 _cKS
008 s pl f |000 0 pol
999 _c28404
_d28404
856 _uhttp://koha.tu.koszalin.pl/cgi-bin/koha/opac-detail.pl?biblionumber=28404
_yKatalog online BPK